000
00323nam a22001457a 4500
008
210311b ||||| |||| 00| 0 eng d
020
_a
0314028137
041
_a
eng
080
_2
3th
_a
311
082
_2
3
_a
311
100
_a
54
101
_a
STA
245
_a
Introduction to Statistics
_c
Anderson,R.D
942
_2
udc
_c
BK
999
_c
56345
_d
56345